| 000 | 00472nam a22001697a 4500 | ||
|---|---|---|---|
| 020 | _a0073038997 | ||
| 082 | _a657.046 WIL | ||
| 100 | _aWilliams, Jan R. | ||
| 245 | _aSolutions manual Vol-1, Chapters 1-14 to accompany Accounting the basis for business decision | ||
| 250 | _a11th ed. | ||
| 260 |
_aBoston _bMcGraw-Hill _c1999 |
||
| 300 |
_axi, 307 p. _bill. ; |
||
| 500 | _aIncludes index. | ||
| 650 | _aAccounting | ||
| 700 | _aMeigs, Robert F. et all. | ||
| 942 | _cBK | ||
| 999 |
_c12821 _d12821 |
||